000 00504nam a22001697a 4500
005 20251108172157.0
008 250721s1979 xx 000 0 ara d
082 1 4 _a770/سمي
100 1 _aمارديني، سمير إحسان
245 1 0 _aالتصوير للهواة /
264 1 _aدمشق :
_bدار دمشق للنشر،
_c1979.
300 _a157ص
490 0 _aسلسلة العلوم للهواة
650 1 7 _aالتصوير الفوتوغرافي
942 _2ddc
_cBK
999 _c72373
_d72373